LDR 00923naa#a2200193#i#450# 001 RU\\bibl\117923 005 20260602152024.2 011 ## _a2500-4026 100 ## _a20250929b2025####ek#y0rusy0150####ca 101 0# _aRUS 102 ## _aRU 200 1# _aКРОСС-КУЛЬТУРНЫЕ ОСОБЕННОСТИ ПРОТИВОПОЖАРНОЙ ПРОПАГАНДЫ В РОССИИ: РЕГИОНАЛЬНЫЙ АСПЕКТ ПРИ ПРИНЯТИИ УПРАВЛЕНЧЕСКИХ РЕШЕНИЙ _eЖурнальная статья 210 1# _aЖелезногорск _cФГБОУ ВО Сибирская пожарно-спасательная академия ГПС МЧС России _d2025 215 ## _a7 с. 608 ## _aЖурнальная статья _2local 675 ## _aПожарные службы. 614.842.83 _zRUS 700 #1 _aГаврюшенко _gВ П 700 #1 _aВолодченкова _gВ В 856 4# _aapbt-sibpsa.editorum.ru _u